VfL Wolfsburg Squad 2017-2018 - Statistics

General Stats
  • This quiz has been taken 6 times
  • The average score is 17 of 33
Answer Stats
# Position Nation Player % Correct
1 GK Belgium Koen Casteels
100%
22 FW Switzerland Admir Mehmedi
75%
14 FW Belgium Divock Origi
75%
16 MF Poland Jakub Błaszczykowski
75%
5 DF Netherlands Jeffrey Bruma
75%
21 FW Croatia Josip Brekalo
75%
23 MF France Josuha Guilavogui
75%
8 MF Switzerland Renato Steffen
75%
2 DF Brazil William
75%
10 MF Turkey Yunus Mallı
75%
- Coach Netherlands Andries Jonker
50%
- Coach Germany Bruno Labbadia
50%
11 MF Germany Daniel Didavi
50%
17 DF Germany Felix Uduokhai
50%
4 MF Spain Ignacio Camacho
50%
25 DF United States John Brooks
50%
29 DF DR Congo Marcel Tisserand
50%
33 FW Germany Mario Gómez
50%
- Coach Switzerland Martin Schmidt
50%
27 MF Germany Maximilian Arnold
50%
7 FW Cameroon Paul-Georges Ntep
50%
3 DF Netherlands Paul Verhaegh
50%
6 MF Netherlands Riechedly Bazoer
50%
18 FW Nigeria Victor Osimhen
50%
13 MF Germany Yannick Gerhardt
50%
37 MF Kosovo Elvis Rexhbeçaj
25%
32 FW England Kaylen Hinds
25%
20 GK Germany Max Grün
25%
36 GK Germany Phillip Menzel
25%
31 DF Germany Robin Knoche
25%
24 DF Germany Sebastian Jung
25%
9 FW Belgium Landry Dimata
0%
35 DF Germany Luca Itter
0%
No matching quizzes found
Score Distribution
Percent of People with Each Score
Percentile by Number Answered
Your Score History
You have not taken this quiz